000
00298nam a2200121Ia 4500
008
190216s9999||||xx |||||||||||||| ||und||
100
_a
Bernard L Cohen
245
0
_a
Concepts Of Nuclear Physics
260
_b
Tata Mcgrawhill Publishers
_c
1971
300
_a
435 p
650
_a
Physics
942
_c
BK
999
_c
33002
_d
33002